000 00643nam a2200253Ia 4500
003 OSt
005 20221006144918.0
006 a|||||r|||| 00| 0
007 ta
008 221006b |||||||| |||| 00| 0 eng d
020 _c491.75
024 _a13,164
037 _cTextual
040 _aEASL
_cEASL
_beng
041 _2eng
_aeng
082 _aV41,41.N86, M8
100 _aRODZINSKI Witold
_9109514
245 0 _apeoples republic of China
260 _aLondon
_bCollins
_c1988
300 _a304p.
_ccm.
490 _v CEL
942 _hV41,41.N86, M8
_cTEXL
_2CC
999 _c1081250
_d1081250